| 000 | 00927nam a2200289 a 4500 | ||
|---|---|---|---|
| 001 | 000111335 | ||
| 003 | CHAP | ||
| 005 | 20220329144207.0 | ||
| 008 | 150211s1978 mx |r| |||||||spa d | ||
| 010 | _a107797 | ||
| 011 | _a108769 | ||
| 040 | _cCHAP | ||
| 090 | _aFolleto 10672 | ||
| 100 | 0 | 0 |
_aEchegaray Alemán, Alfredo. _935053 |
| 245 | 1 | 0 |
_aPracticas del curso de microbiologia de suelos / _cpor Alfredo Echegaray Alemán, Guadalupe Goméz Cruz y Langen Conlay Chee. |
| 260 |
_aChapingo, Méx. : _bDepartamento de Suelos, _c[197?]. |
||
| 300 | _a66 p. | ||
| 590 |
_aE5765TAJ _b05 _c20150211 _lUCH01 _h1216 |
||
| 650 | 1 | 4 |
_aMicrobiología _xManuales de laboratorio. _975495 |
| 650 | 1 | 4 |
_aSuelos _xManuales de laboratorio. _9110426 |
| 650 | 1 | 4 |
_aSuelos _xMicrobiología. _9110434 |
| 700 | 0 |
_aCorlay Chee, Langen. _928007 |
|
| 700 | 1 |
_aGómez Cruz, Guadalupe _9129194 |
|
| 901 | _aBK | ||
| 942 | _cFOLL | ||
| 942 | _n0 | ||
| 999 |
_c107797 _d107797 |
||